000 00489nam a2200193Ia 4500
003 OSt
005 20230426151652.0
008 210423s2009 xx 000 0 und d
020 _a9780821848593
040 _cAL
041 _aeng
082 _a515.35
_223
_bEVAL
100 _aEVANS (Lawrence C).
_993575
245 _aPartial differential equaions.
260 _aHyderabad
_bAmerican mathematical society
_c2009
300 _axvii,662
_bPB
365 _b900
_cINR
942 _2ddc
_cBK
999 _c161142
_d161142